000 00535nam a2200169 4500
999 _c4252
_d4252
008 160901b xxu||||| |||| 00| 0 eng d
022 _a2094-8042
082 _aDPer 370.105 M72 Jan-Dec 2012 v. 60-61
100 _913945
_aDuremdez, Lorda Dacoco
243 _aThe modern teacher
245 _aSave mother earth/
_cLorda Dacoco Duremdez.
260 _aPhilippines:
_bIn the Grade School, Inc.,
_c©2012.
300 _apage 22;
_c28 cm.
500 _aThe Modern Teacher
650 0 _913946
_aPhilippine poetry
942 _2ddc
_cPER